| 000 | 00691nam a22001817a 4500 | ||
|---|---|---|---|
| 008 | 150612b xxu||||| |||| 00| 0 eng d | ||
| 020 | _a845321157 | ||
| 082 |
_a708 _bC 521e |
||
| 100 |
_aCherkashin, Valery; Cherkashin,Natasha _93096 |
||
| 245 |
_aEspejismos de los imperios _cCherkashin, Valery; Cherkashin,Natasha; Berezner, Evgeny (curador) |
||
| 260 |
_aMadrid _bCaja Madrid _c[2000] |
||
| 300 |
_a46 p. _bill. (col) _c27 cm |
||
| 600 |
_aCherkashin, Valery _b1948 - _vExhibiciones _93269 |
||
| 600 |
_aCherkashin, Natasha _b1958 - _vExhibiciones _93270 |
||
| 650 |
_xArte moderno _9145 |
||
| 700 |
_a Berezner, Evgeny [comisario] _93097 |
||
| 700 |
_aCastellote, Alejandro [coordinador] _93271 |
||
| 999 |
_c688 _d688 |
||